| 000 | 02296agaaa2200349 4500 | ||
|---|---|---|---|
| 001 | 8875 | ||
| 003 | IT-RoPAU | ||
| 005 | 20220918181231.0 | ||
| 007 | d cvaizq | ||
| 008 | 50131s9999||||xx ||| | || ||und|| | ||
| 040 |
_aIT-RoPAU _cIT-RoPAU |
||
| 041 | _aITALIANO | ||
| 100 |
_aSheridan Jim _gCodice regista SPICS: 59523 _936672 |
||
| 130 |
_aIN AMERICA - IL SOGNO CHE NON C'ERA _940820 |
||
| 240 |
_aEAST OF HARLEM _gT3790 |
||
| 245 |
_aIN AMERICA - IL SOGNO CHE NON C'ERA _cProdotto da: Sheridan Jim -- Sceneggiatura: Sheridan Jim Sheridan Naomi Sheridan Kirsten -- Diretto da: Sheridan Jim _pIN AMERICA - IL SOGNO CHE NON C'ERA (Rif. Codice opera principale : H8875) |
||
| 246 | _aEAST OF HARLEM | ||
| 250 | _aEdizione Standard | ||
| 260 |
_a(IRLANDA - UK) _bHELL'S KITCHEN FILM - HARLEM FILM PROD. / Distribuzione: MAGAZZINO DISP _g"2002 (1° ed.: 2009 ; Ed. Lingua Orig.: 2002)" |
||
| 300 |
_aDVD _bsonoro, col. _c101 minuti |
||
| 508 | _a"Fotografia: Quinn Declan; Montaggio: Geraghty Naomi; Musica: Friday Gavin; Sceneggiatura: Sheridan Jim Sheridan Naomi Sheridan Kirsten; Scenografia: Geraghty Mark; Soggetto: Sheridan Jim -- Sheridan Naomi" | ||
| 511 | _a"Morton Samantha; Considine Paddy; Houdsou Djimon; Bolger Sara; Bolger Emma; Carlton R" | ||
| 520 | _a"L'AMERICA? UN SOGNO CHE UN BEL GIORNO DIVENTA REALTA' ANCHE PER LA GIOVANECOPPIA DI IMMIGRATI IRLANDESI E LE DUE FIGLIE CHE TENTANO DI RIFARSI UNA VITA A NEW YORK. SARANNO LE BAMBINE A SCOPRIRE CON L'INNOCENZA DELL'OCCHIO INFANTILE IL LATO MAGICO DELLA GRANDE MELA, UN'ISOLA INCANTATA DOVE TUTTO PUO' ACCADERE. E LO TRASFERIRANNO AI GENITORI CHE RITROVERANNO COSI' LA SPERANZA E IL CORAGGIO PER RICOMINCIARE A VIVERE E AD AMARE, NONOSTANTE TUTTO. CONTENUTI EXTRA: COMMENTO AUDIO DEL REGISTA; SCENE TAGLIATE; DOCUMENTARIO SUL MAKING OF DEL FILM." | ||
| 538 | _aPAL, STEREO | ||
| 546 | _aITALIANO | ||
| 650 |
_aDRAMMA - ROMANTIC _eDVD-FILM [DVD] _xCodice MATERIA SPICS: 9947 _936786 |
||
| 700 |
_aFriday Gavin _e(musica) _gCodice Musica SPICS: 49212 _940821 |
||
| 700 |
_aSheridan Jim _e(regista) _gCodice regista SPICS: 59523 _936672 |
||
| 700 |
_aSheridan Jim _e(soggetto) _gCodice Soggetto SPICS: 59523 _940822 |
||
| 700 |
_aSheridan Naomi _e(soggetto) _gCodice Soggetto 2° SPICS: 59524 _940823 |
||
| 942 |
_cDV _2ddc |
||
| 999 |
_c105335 _d105335 |
||